Countries of the World But You Have To Spell Them Backwards - Statistics

General Stats
  • This quiz has been taken 120 times
    114 since last reset
  • The average score is 121 of 196
Answers on the Map
Answers color-coded by a green-red scale on the quiz's map according to % correct below.
 
Answer Stats
Country % Correct
Acirema fo Setats Detinu
92%
Adanac
92%
Ocixem
86%
Aissur
83%
Anihc
82%
Abuc
80%
Aidni
80%
Lizarb
78%
Modgnik Detinu
78%
Napaj
78%
Dnaleri
77%
Itiah
77%
Niaps
77%
Urep
77%
Ylati
77%
Dnaleci
75%
Amanap
74%
Kramned
74%
Cilbuper Nacirfa Lartnec
72%
Dnalop
72%
Ecnarf
72%
Elihc
72%
Ezileb
72%
Namo
72%
Nari
72%
Nedews
72%
Setarime Bara Detinu
72%
Yawron
72%
Dnalnif
71%
Lagutrop
71%
Lapen
71%
Nemey
71%
Qari
71%
Tpyge
71%
Ailartsua
69%
Aybil
69%
Aynek
69%
Dahc
69%
Eceerg
69%
Nadus
69%
Regin
69%
Yekrut
69%
Ynamreg
69%
Airegin
68%
Muigleb
68%
Ogot
68%
Soal
68%
Acinimod
66%
Aibmoloc
66%
Ailognom
66%
Airys
66%
Eniarku
66%
Nadroj
66%
Occorom
66%
Samahab
66%
Sdnalrehten
66%
Aciamaj
65%
Aleuzenev
65%
Emanirus
65%
Ilam
65%
Airtsua
63%
Anayug
63%
Anitnegra
63%
Augaracin
63%
Lagenes
63%
Natuhb
63%
Nineb
63%
Ognoc eht fo Cilbuper
63%
Rataq
63%
Suraleb
63%
Acir Atsoc
62%
Adnawr
62%
Aibiman
62%
Aibres
62%
Ailamos
62%
Ainotse
62%
Airegla
62%
Aisenodni
62%
Aivilob
62%
Aivtal
62%
Alametaug
62%
Dnaliaht
62%
Learsi
62%
Natshkazak
62%
Nawiat
62%
Nobag
62%
Ocanom
62%
Ramnaym
62%
Rodauce
62%
Rodavlas Le
62%
Sarudnoh
62%
Surpyc
62%
Yaugarap
62%
Yauguru
62%
Aeniug Wen Aupap
60%
Agnot
60%
Aibmaz
60%
Airebil
60%
Aisinut
60%
Alogna
60%
Anahg
60%
Avodlom
60%
Cilbuper Hcezc
60%
Cilbuper Nacinimod
60%
Dnalreztiws
60%
Ijif
60%
Ovosok
60%
Racsagadam
60%
Acirfa Htuos
58%
Adnagu
58%
Aeniug
58%
Aerok Htron
58%
Aerok Htuos
58%
Aidobmac
58%
Ainamor
58%
Ainemra
58%
Aipoihte
58%
Aisyalam
58%
Aitaorc
58%
Anawstob
58%
Aomas
58%
Dnalaez Wen
58%
Manteiv
58%
Nadus Htuos
58%
Ognoc eht fo Cilbuper Citarcomed
58%
Ualap
58%
Uruan
58%
Aertire
57%
Aibara Iduas
57%
Aibmag
57%
Aigroeg
57%
Ainabla
57%
Ainatiruam
57%
Ainaznat
57%
Airaglub
57%
Aknal Irs
57%
Anivogezreh dna Ainsob
57%
Atlam
57%
Euqibmazom
57%
Ewbabmiz
57%
Natsikap
57%
Natsinahgfa
57%
Natsinemkrut
57%
Nooremac
57%
Tsaoc Yrovi
57%
Aicul Tnias
55%
Aikavols
55%
Ainevols
55%
Aisenorcim fo Setats Detaredef
55%
Edrev Epac
55%
Enoel Arreis
55%
Idnurub
55%
Itabirik
55%
Ituobijd
55%
Iwalam
55%
Natsikebzu
55%
Natsikijat
55%
Ohtosel
55%
Senippilihp
55%
Ulavut
55%
Utaunav
55%
Yragnuh
55%
Ytic Nacitav
55%
Adanerg
54%
Ainauhtil
54%
Ainodecam Htron
54%
Arrodna
54%
Najiabreza
54%
Natszygryk
54%
Nonabel
54%
Osaf Anikrub
54%
Sdnalsi Llahsram
54%
Sevidlam
54%
Siven dna Sttik Tnias
54%
Soromoc
54%
Uassib-Aeniug
54%
Adubrab dna Augitna
52%
Gruobmexul
52%
Hsedalgnab
52%
Ienurb
52%
Initawse
52%
Ogabot dna Dadinirt
52%
Orgenetnom
52%
Romit Tsae
52%
Sdnalsi Nomolos
52%
Senidanerg eht dna Tnecniv Tnias
52%
Suitiruam
52%
Epicnírp dna Émot Oãs
51%
Niarhab
51%
Sellehcyes
51%
Sodabrab
51%
Tiawuk
51%
Oniram Nas
49%
Aeniug Lairotauqe
48%
Eropagnis
48%
Nietsnethceil
48%
No matching quizzes found
Score Distribution
Percent of People with Each Score
Percentile by Number Answered
Your Score History
You have not taken this quiz since the last reset